| 000 | 00577nam a2200205 a 4500 | ||
|---|---|---|---|
| 005 | 20210219153358.0 | ||
| 008 | 991125n 000 0 eng u | ||
| 035 | _aUPN01000095261 | ||
| 100 | _aHayes, Jeffrey A. | ||
| 222 | _aCOUNSELING PSYCHOLOGIST | ||
| 245 | _aPsychosocial barriers to behavior change in preventing human immunodeficiency virus (HIV) infection | ||
| 300 | _a585-602 | ||
| 362 | _a1991 19, no. 4 | ||
| 653 | 0 | _aCAMBIO DE ACTITUD | |
| 653 | 0 | _aCAMBIO DE CONDUCTA | |
| 653 | 0 | _aSALUD | |
| 653 | 0 | _aSIDA | |
| 904 |
_aAC _b033072 |
||
| 905 | _aArticulo | ||
| 999 |
_c75426 _d75426 |
||